Al-Munjid (Record no. 3280)

MARC details
000 -LEADER
fixed length control field 00560nam a2200241 a 4500
020 ## - INTERNATIONAL STANDARD BOOK NUMBER
ISBN
082 00 - DEWEY DECIMAL CLASSIFICATION NUMBER
Classification number 492.73
Author Cutter MAL
100 ## - MAIN ENTRY--AUTHOR NAME
Author name Maluf, Pauloos
245 ## - TITLE STATEMENT
Title Al-Munjid
260 ## - PUBLICATION, DISTRIBUTION, ETC. (IMPRINT)
Place of publication Beirut
Name of publisher Catholic Press
Year of publication 1949
300 ## - PHYSICAL DESCRIPTION
Number of Pages 1093p
500 ## - GENERAL NOTE
General note includes index and biblioraphy
505 2# - FORMATTED CONTENTS NOTE
Formatted contents note Notes, Index
650 ## - SUBJECT ADDED ENTRY--TOPICAL TERM
Topical Term Dictionary-Arabic
942 ## - ADDED ENTRY ELEMENTS (KOHA)
Koha item type Books
700 1# -
-- Maluf, Pauloos
Holdings
Collection code Home library Current library Date acquired Cost, normal purchase price Full call number Accession Number Koha item type
  Henry Martyn Institute Library Henry Martyn Institute Library 08/01/2007 100.00 492.73 MAL 08088 Books
                   Copyright © 2026 | Henry Martyn Institute | Hyderabad | TS-500052 | INDIA | Implemented by hmi.edu.in
Hit-Count:

Powered by Koha